[Event "Junior Online 4NCL Division 3"]
[Site "online"]
[Date "2021.09.30"]
[EventDate "2021.09.30"]
[Round "4.114"]
[White "Harb, Laith A"]
[WhiteElo "1294"]
[WhiteTeam "JHJ Shark Tank 6"]
[Black "Krishnan, Aditya"]
[BlackElo "1436"]
[BlackTeam "Leeds Juniors 1"]
[Result "1-0"]
[PlyCount "103"]

1. d4 Nf6 2. c4 g6 3. Nf3 Bg7 4. Nc3 d6 5. Bg5 O-O 6. e3 Nbd7 7. Bd3 e5 8. dxe5 Nxe5 9. O-O Bg4 10. Be2 Bxf3 11. Bxf3 Nxf3+ 12. Qxf3 h6 13. Bf4 Rb8 14. Rab1 Nh5 15. Bg3 Nxg3 16. hxg3 Bxc3 17. bxc3 b6 18. Rfd1 Re8 19. Qc6 Qe7 20. Qa4 c5 21. Qc6 Red8 22. Qd5 Qe6 23. Qxe6 fxe6 24. Rd2 Rd7 25. Rbd1 Rbd8 26. e4 Kf7 27. f3 Kf6 28. Kf2 g5 29. f4 Ke7 30. Kf3 Rf8 31. e5 Rfd8 32. exd6+ Rxd6 33. Rxd6 Rxd6 34. Rxd6 Kxd6 35. Kg4 gxf4 36. gxf4 Ke7 37. Kh5 Kf6 38. g4 Kg7 39. Kh4 Kg6 40. g5 hxg5+ 41. fxg5 e5 42. Kg4 e4 43. Kf4 e3 44. Kxe3 Kxg5 45. Ke4 Kg4 46. Kd5 Kf3 47. Kc6 Ke3 48. Kb7 a5 49. Kxb6 Kd3 50. Kxc5 Kxc3 51. Kb5 a4 52. c5 1-0

[Event "Junior Online 4NCL Division 3"]
[Site "online"]
[Date "2021.09.30"]
[EventDate "2021.09.30"]
[Round "4.115"]
[White "Agbota, Fenu"]
[WhiteElo "1300"]
[WhiteTeam "JHJ Shark Tank 6"]
[Black "Gururaj, Rithwik"]
[BlackElo "1601"]
[BlackTeam "Leeds Juniors 1"]
[Result "1-0"]
[PlyCount "33"]

1. e4 c5 2. c3 Nf6 3. e5 Nd5 4. Nf3 Nc6 5. Bc4 e6 6. d3 a6 7. a4 d6 8. Bg5 Be7 9. Bxe7 Qxe7 10. exd6 Qxd6 11. O-O O-O 12. Bb3 Na5 13. Bc2 b5 14. axb5 axb5 15. d4 Bb7 16. Qd3 Nc4 17. Qxh7# 1-0

[Event "Junior Online 4NCL Division 3"]
[Site "online"]
[Date "2021.09.30"]
[EventDate "2021.09.30"]
[Round "4.116"]
[White "Khan, Leo"]
[WhiteElo "1623"]
[WhiteTeam "Leeds Juniors 1"]
[Black "Nilim, Armaan"]
[BlackElo "1327"]
[BlackTeam "JHJ Shark Tank 6"]
[Result "0-1"]
[PlyCount "56"]

1. e4 e5 2. Nf3 Nc6 3. Bc4 Nf6 4. Ng5 d5 5. exd5 Na5 6. Bb5+ c6 7. dxc6 bxc6 8. Ba4 h6 9. Nf3 e4 10. Ne5 Qd4 11. Bxc6+ Nxc6 12. Nxc6 Qc5 13. Nxa7 Qxa7 14. Nc3 Bc5 15. Qe2 O-O 16. O-O Ba6 17. d3 exd3 18. cxd3 Rad8 19. Rd1 Rfe8 20. Qf3 Bb7 21. Qf5 Bc8 22. Qf3 Bg4 23. Nb5 Bxf3 24. Nxa7 Bxd1 25. Be3 Bxe3 26. fxe3 Ba4 27. b3 Bd7 28. e4 Ra8 0-1

[Event "Junior Online 4NCL Division 3"]
[Site "online"]
[Date "2021.09.30"]
[EventDate "2021.09.30"]
[Round "4.117"]
[White "Pipalia, Rishi"]
[WhiteElo "1310"]
[WhiteTeam "JHJ Shark Tank 6"]
[Black "Rowe, Angelica"]
[BlackElo "1449"]
[BlackTeam "Leeds Juniors 1"]
[Result "0-1"]
[PlyCount "70"]

1. d4 d5 2. c4 c6 3. Nc3 Bf5 4. e3 e6 5. Bd3 Bg6 6. c5 b6 7. b4 a5 8. bxa5 Rxa5 9. cxb6 Qxb6 10. Nf3 Bd6 11. O-O Ne7 12. Qc2 O-O 13. Bxg6 fxg6 14. Bd2 Ra8 15. Rab1 Qc7 16. e4 Nd7 17. e5 Ba3 18. Qb3 c5 19. Nb5 Qd8 20. Nxa3 c4 21. Qc3 Nf5 22. Rb2 Nh4 23. Nxh4 Qxh4 24. g3 Qg4 25. Nb5 Rf5 26. Nd6 Rh5 27. f4 Qh3 28. Be1 Rf8 29. Rff2 Qg4 30. Rg2 Qd1 31. Kf2 g5 32. Rd2 Qg4 33. Kg1 gxf4 34. gxf4 Qxf4 35. Qg3 Qf1# 0-1

[Event "Junior Online 4NCL Division 3"]
[Site "online"]
[Date "2021.09.30"]
[EventDate "2021.09.30"]
[Round "4.118"]
[White "Krishnan, Aditya"]
[WhiteElo "1436"]
[WhiteTeam "Leeds Juniors 1"]
[Black "Harb, Laith A"]
[BlackElo "1294"]
[BlackTeam "JHJ Shark Tank 6"]
[Result "1/2-1/2"]
[PlyCount "96"]

1. c4 e5 2. Nc3 f5 3. e3 Nf6 4. d4 exd4 5. exd4 Bb4 6. Bd3 d6 7. Nf3 O-O 8. O-O Be6 9. Bg5 h6 10. Bd2 Bf7 11. b3 Nc6 12. Bxf5 Re8 13. Bc2 Bh5 14. Ne2 Bxf3 15. gxf3 Qe7 16. Re1 Bxd2 17. Qxd2 Qf7 18. Kh1 Nd7 19. Qd3 Nf6 20. Ng3 Rxe1+ 21. Rxe1 Re8 22. Rxe8+ Qxe8 23. Qe3 Qxe3 24. fxe3 Nb4 25. Bb1 Kf7 26. a3 Nc6 27. Ne4 Nxe4 28. Bxe4 Kf6 29. Bxc6 bxc6 30. Kg2 Kf5 31. Kg3 g5 32. h4 a6 33. e4+ Kf6 34. hxg5+ hxg5 35. Kg4 a5 36. a4 c5 37. d5 Kg6 38. f4 gxf4 39. Kxf4 Kf6 40. Ke3 Ke5 41. Kd3 Kf4 42. Kc3 Kxe4 43. Kd2 Kd4 44. Kc2 Ke3 45. Kc3 Ke4 46. Kd2 Kd4 47. Kc2 Ke4 48. Kd2 Kd4 1/2-1/2

[Event "Junior Online 4NCL Division 3"]
[Site "online"]
[Date "2021.09.30"]
[EventDate "2021.09.30"]
[Round "4.121"]
[White "Spitz, Danny"]
[WhiteElo "1370"]
[WhiteTeam "Coldfall Bishops"]
[Black "Vinodh, Sampriti"]
[BlackElo "336"]
[BlackTeam "East Kilbride Rooks"]
[Result "1-0"]
[PlyCount "85"]

1. e4 e5 2. Nf3 Nc6 3. Bc4 Bc5 4. c3 Nf6 5. d4 d6 6. dxc5 Bg4 7. Be3 b6 8. cxd6 cxd6 9. Nbd2 Qd7 10. h3 Bxf3 11. Qxf3 Na5 12. O-O-O Nxc4 13. Nxc4 Qc6 14. Nxd6+ Kd7 15. Nxf7+ Ke7 16. Nxh8 Rxh8 17. Qg3 g6 18. Qxe5+ Qe6 19. Qxe6+ Kxe6 20. Bd4 Nxe4 21. Bxh8 Nxf2 22. Rhe1+ Kf5 23. Rf1 Ke6 24. Rxf2 Ke7 25. Rdf1 Ke6 26. Re1+ Kd7 27. Rd2+ Kc7 28. Re7+ Kc6 29. Rxa7 Kb5 30. a4+ Kc6 31. a5 Kb5 32. axb6 Kxb6 33. Rxh7 Kc5 34. Bg7 g5 35. Bh6 g4 36. hxg4 Kc4 37. g5 Kc5 38. g6 Kc6 39. g7 Kc5 40. g8=Q Kc6 41. Qc4+ Kb6 42. Rd6+ Ka5 43. Ra6# 1-0

[Event "Junior Online 4NCL Division 3"]
[Site "online"]
[Date "2021.09.30"]
[EventDate "2021.09.30"]
[Round "4.122"]
[White "Vusikala, Tarun"]
[WhiteElo "347"]
[WhiteTeam "East Kilbride Rooks"]
[Black "Haga, Xander"]
[BlackElo "1175"]
[BlackTeam "Coldfall Bishops"]
[Result "0-1"]
[PlyCount "64"]

1. e4 e5 2. Nf3 Nc6 3. Nc3 Nf6 4. d4 exd4 5. Nxd4 Bb4 6. Bd2 Nxd4 7. a3 Bxc3 8. Bxc3 Nc6 9. Bxf6 Qxf6 10. Qe2 Qxb2 11. Rd1 Qxa3 12. e5 O-O 13. g3 Re8 14. f4 d6 15. Qf3 Qxf3 16. Bg2 Qc3+ 17. Ke2 Qxc2+ 18. Rd2 Qc4+ 19. Kd1 Bg4+ 20. Ke1 Qc1+ 21. Rd1 Qxd1+ 22. Kf2 Qe2+ 23. Kg1 Qe1+ 24. Bf1 Be2 25. Kg2 Bxf1+ 26. Rxf1 Qe4+ 27. Kg1 dxe5 28. fxe5 Rxe5 29. Kf2 Rf5+ 30. Kg1 Qe3+ 31. Kg2 Qe2+ 32. Kg1 Rxf1# 0-1

[Event "Junior Online 4NCL Division 3"]
[Site "online"]
[Date "2021.09.30"]
[EventDate "2021.09.30"]
[Round "4.125"]
[White "Vinodh, Sampriti"]
[WhiteElo "336"]
[WhiteTeam "East Kilbride Rooks"]
[Black "Spitz, Danny"]
[BlackElo "1370"]
[BlackTeam "Coldfall Bishops"]
[Result "0-1"]
[PlyCount "74"]

1. e4 b6 2. Nf3 Bb7 3. Bc4 Nc6 4. d3 e6 5. Bf4 d5 6. exd5 exd5 7. Qe2+ Be7 8. Bb5 Nf6 9. Bxc6+ Bxc6 10. Nc3 O-O 11. O-O Re8 12. Rfe1 Bd6 13. Qd1 Rxe1+ 14. Qxe1 Bxf4 15. Qe2 Qe8 16. Qxe8+ Rxe8 17. Re1 Rxe1+ 18. Nxe1 Bd2 19. Ne4 dxe4 20. Nf3 exf3 21. gxf3 Kf8 22. c4 Ke7 23. Kg2 Kd6 24. Kg3 Kc5 25. Kh4 Be1 26. Kg5 Bxf2 27. Kf5 Bxf3 28. Ke5 Bd4+ 29. Kf5 Bg4+ 30. Kf4 Bxb2 31. Ke3 b5 32. cxb5 Kxb5 33. d4 c5 34. dxc5 Kxc5 35. Kd2 Kb4 36. Kc2 Ka3 37. Kb1 Bf5# 0-1

[Event "Junior Online 4NCL Division 3"]
[Site "online"]
[Date "2021.09.30"]
[EventDate "2021.09.30"]
[Round "4.126"]
[White "Haga, Xander"]
[WhiteElo "1175"]
[WhiteTeam "Coldfall Bishops"]
[Black "Vusikala, Tarun"]
[BlackElo "347"]
[BlackTeam "East Kilbride Rooks"]
[Result "1-0"]
[PlyCount "47"]

1. d4 d5 2. c4 c6 3. Nc3 Nf6 4. Bf4 Bf5 5. e3 e6 6. cxd5 cxd5 7. Nb5 Qa5+ 8. Nc3 Bb4 9. Qd2 Ne4 10. Bb5+ Nc6 11. Bxc6+ bxc6 12. Qc1 Bxc3+ 13. bxc3 Qxc3+ 14. Qxc3 Nxc3 15. Nf3 Be4 16. Nd2 Bxg2 17. Rg1 Be4 18. Nxe4 dxe4 19. Rxg7 O-O-O 20. Rxf7 a5 21. Be5 Rhf8 22. Rxh7 Rf5 23. Rc1 Nxa2 24. Rxc6# 1-0

[Event "Junior Online 4NCL Division 3"]
[Site "online"]
[Date "2021.09.30"]
[EventDate "2021.09.30"]
[Round "4.131"]
[White "Zhu, Pengxiao"]
[WhiteElo "1515"]
[WhiteTeam "London Dragons Americium"]
[Black "Mallick, Ismail"]
[BlackElo "1567"]
[BlackTeam "Wimbledon Juniors A"]
[Result "1-0"]
[PlyCount "149"]

1. d4 Nf6 2. c4 e6 3. Nc3 d5 4. Nf3 Nc6 5. Bf4 Be7 6. e3 O-O 7. cxd5 exd5 8. Bd3 Re8 9. O-O Be6 10. Qc2 h6 11. Rfe1 Qd7 12. a3 Rad8 13. Rac1 a6 14. Na4 Bd6 15. Nc5 Bxc5 16. Qxc5 Bg4 17. Ne5 Nxe5 18. Bxe5 Ne4 19. Qxc7 Qxc7 20. Rxc7 Rc8 21. Rxc8 Rxc8 22. f3 Bxf3 23. gxf3 Nd2 24. Kf2 Nb3 25. Re2 Nc1 26. Rd2 Nb3 27. Rc2 Rxc2+ 28. Bxc2 Nd2 29. b3 f6 30. Bf4 g5 31. Bg3 h5 32. Ke2 h4 33. Kxd2 hxg3 34. hxg3 Kg7 35. e4 dxe4 36. Bxe4 b6 37. Bb7 a5 38. b4 axb4 39. axb4 Kf7 40. d5 Ke7 41. Bc6 Kd6 42. b5 Kc5 43. Ke3 Kd6 44. Ke4 Ke7 45. Kf5 Kf7 46. g4 Ke7 47. d6+ Kxd6 48. Kxf6 Kc5 49. Kxg5 Kd6 50. f4 Ke6 51. f5+ Kf7 52. f6 Kf8 53. Kf5 Kf7 54. Bd5+ Kf8 55. g5 Ke8 56. g6 Kf8 57. g7+ Ke8 58. g8=Q+ Kd7 59. Qe6+ Kd8 60. Qxb6+ Kd7 61. Qc7+ Kxc7 62. f7 Kb6 63. Bb7 Kxb7 64. b6 Kxb6 65. f8=Q Kb5 66. Qc8 Kb4 67. Qc6 Kb3 68. Qc5 Kb2 69. Qc4 Kb1 70. Qc3 Ka2 71. Qb4 Ka1 72. Ke4 Ka2 73. Kd3 Ka1 74. Kc2 Ka2 75. Qa4# 1-0

[Event "Junior Online 4NCL Division 3"]
[Site "online"]
[Date "2021.09.30"]
[EventDate "2021.09.30"]
[Round "4.132"]
[White "Roets, Nicholas"]
[WhiteElo "1267"]
[WhiteTeam "Wimbledon Juniors A"]
[Black "Xu, Jiarui"]
[BlackElo "1452"]
[BlackTeam "London Dragons Americium"]
[Result "0-1"]
[PlyCount "70"]

1. e4 e5 2. Nf3 Nc6 3. Bc4 Bc5 4. O-O h6 5. d3 Nf6 6. Be3 Bb6 7. Nc3 d6 8. a3 Bg4 9. h3 Bh5 10. Re1 O-O 11. Rb1 Nd4 12. Bxd4 Bxf3 13. Qxf3 Bxd4 14. Nd5 Nxd5 15. Bxd5 c6 16. Ba2 Bb6 17. b4 Bd4 18. Rec1 Bc3 19. Rb3 Bd2 20. Rd1 Bg5 21. c4 Bf6 22. Rc3 Qb6 23. Rb1 Qd4 24. Rbc1 a5 25. bxa5 Rxa5 26. Qe3 Qxe3 27. fxe3 Rfa8 28. c5 Be7 29. Rf1 Bf6 30. cxd6 Rxa3 31. Rxa3 Rxa3 32. d7 Rxd3 33. Rb1 Rxd7 34. Kf2 Rd2+ 35. Ke1 Rxa2 0-1

[Event "Junior Online 4NCL Division 3"]
[Site "online"]
[Date "2021.09.30"]
[EventDate "2021.09.30"]
[Round "4.133"]
[White "Shi, Shaoquan"]
[WhiteElo "1501"]
[WhiteTeam "London Dragons Americium"]
[Black "Doorduin, Lara"]
[BlackElo "1078"]
[BlackTeam "Wimbledon Juniors A"]
[Result "1-0"]
[PlyCount "99"]

1. d4 d5 2. c4 e6 3. Nc3 Nf6 4. cxd5 exd5 5. Bg5 Bb4 6. e3 h6 7. Bh4 g5 8. Bg3 Ne4 9. Rc1 f5 10. Be5 Rf8 11. f3 Nxc3 12. bxc3 Ba3 13. Qa4+ Nc6 14. Qxa3 Nxe5 15. dxe5 Qe7 16. Qxe7+ Kxe7 17. Bd3 c5 18. c4 Rg8 19. cxd5 b6 20. Bc4 Rd8 21. d6+ Kd7 22. Rd1 Kc6 23. Bd5+ Kd7 24. Bxa8 Ke6 25. h4 g4 26. f4 Rd7 27. Bc6 Rd8 28. Ne2 a5 29. Ng3 Bd7 30. Bxd7+ Rxd7 31. Rb1 Rb7 32. O-O b5 33. Rfc1 c4 34. Rxc4 b4 35. a3 b3 36. Rc3 a4 37. Ne2 b2 38. Rc2 Kd7 39. Rcxb2 Rxb2 40. Rxb2 Ke6 41. Nc3 Kd7 42. Rb7+ Kc6 43. Rh7 Kc5 44. d7 Kc4 45. d8=Q Kxc3 46. Qd4+ Kc2 47. Rc7+ Kb3 48. Qb4+ Ka2 49. Rc2+ Ka1 50. Qb2# 1-0

[Event "Junior Online 4NCL Division 3"]
[Site "online"]
[Date "2021.09.30"]
[EventDate "2021.09.30"]
[Round "4.135"]
[White "Mallick, Ismail"]
[WhiteElo "1567"]
[WhiteTeam "Wimbledon Juniors A"]
[Black "Zhu, Pengxiao"]
[BlackElo "1515"]
[BlackTeam "London Dragons Americium"]
[Result "0-1"]
[PlyCount "130"]

1. e4 e5 2. Nf3 Nc6 3. Bc4 Nf6 4. d4 exd4 5. e5 d5 6. exf6 dxc4 7. fxg7 Bxg7 8. O-O Bg4 9. Re1+ Ne7 10. Bg5 f6 11. Bf4 Qd7 12. Nbd2 c3 13. Nc4 O-O-O 14. b3 Ng6 15. Bg3 h5 16. Qe2 h4 17. Qe4 f5 18. Qd3 hxg3 19. fxg3 Rhe8 20. a4 Qd5 21. Kf2 Kb8 22. a5 f4 23. Qxg6 fxg3+ 24. hxg3 Rxe1 25. Rxe1 Bxf3 26. gxf3 d3 27. Ne3 Qd4 28. cxd3 a6 29. Kg2 Qxd3 30. Qxd3 Rxd3 31. Nf5 Rd2+ 32. Kh3 c2 33. Ne3 Bd4 34. Nxc2 Rxc2 35. Rd1 c5 36. f4 Rb2 37. Kg4 Rxb3 38. f5 Kc7 39. Kg5 Rxg3+ 40. Kf4 Rg8 41. Rf1 Rf8 42. Kg5 Kd6 43. f6 Bxf6+ 44. Rxf6+ Rxf6 45. Kxf6 c4 46. Kf5 Kd5 47. Kf4 Kd4 48. Kf3 Kd3 49. Kf2 Kd2 50. Kf3 c3 51. Ke4 c2 52. Kd5 c1=Q 53. Kd6 Qc6+ 54. Ke5 Kd3 55. Kf5 Ke3 56. Ke5 Qe4+ 57. Kf6 b6 58. axb6 Qc6+ 59. Kf5 Qxb6 60. Kg4 a5 61. Kh3 a4 62. Kg3 a3 63. Kh3 Qg6 64. Kh2 Kf2 65. Kh3 Qg3# 0-1

[Event "Junior Online 4NCL Division 3"]
[Site "online"]
[Date "2021.09.30"]
[EventDate "2021.09.30"]
[Round "4.136"]
[White "Xu, Jiarui"]
[WhiteElo "1452"]
[WhiteTeam "London Dragons Americium"]
[Black "Roets, Nicholas"]
[BlackElo "1267"]
[BlackTeam "Wimbledon Juniors A"]
[Result "1-0"]
[PlyCount "91"]

1. e4 c6 2. d4 d5 3. exd5 cxd5 4. Nc3 Nf6 5. Nf3 Nc6 6. Bg5 Bf5 7. Bb5 a5 8. Ne5 Qb6 9. Bxf6 gxf6 10. Nxd5 Qd8 11. Ne3 fxe5 12. Nxf5 e6 13. Ng3 exd4 14. a3 Qb6 15. Bxc6+ bxc6 16. b3 c5 17. O-O h5 18. Qf3 Ra7 19. Nxh5 Qd6 20. Ng3 Qc7 21. Rfe1 Qb7 22. Qxb7 Rxb7 23. Ne4 Rb6 24. Nd2 Bg7 25. Nc4 Ra6 26. Rad1 a4 27. Rd3 Ke7 28. Rg3 Bf6 29. Rf3 Rb8 30. Re4 axb3 31. Rxb3 Rxb3 32. cxb3 Ra7 33. Re2 Rd7 34. Nb6 Rd6 35. Nc8+ Kd7 36. Nxd6 Kxd6 37. Kf1 Kd5 38. Ke1 c4 39. bxc4+ Kxc4 40. Rb2 Be7 41. a4 Bb4+ 42. Rxb4+ Kxb4 43. a5 Kxa5 44. Kd2 Kb4 45. h4 Kc5 46. h5 1-0

[Event "Junior Online 4NCL Division 3"]
[Site "online"]
[Date "2021.09.30"]
[EventDate "2021.09.30"]
[Round "4.137"]
[White "Doorduin, Lara"]
[WhiteElo "1078"]
[WhiteTeam "Wimbledon Juniors A"]
[Black "Shi, Shaoquan"]
[BlackElo "1501"]
[BlackTeam "London Dragons Americium"]
[Result "0-1"]
[PlyCount "82"]

1. d4 d5 2. c4 c6 3. Nc3 Nf6 4. Nf3 dxc4 5. e4 b5 6. e5 Nd5 7. Qc2 g6 8. Ng5 Bf5 9. Qd2 Bg7 10. Nxd5 cxd5 11. Qb4 Qb6 12. Qc5 Qxc5 13. dxc5 Bxe5 14. f4 Bd4 15. h3 Bxc5 16. g4 Bd7 17. a3 b4 18. axb4 Bxb4+ 19. Bd2 Bxd2+ 20. Kxd2 Nc6 21. Kc3 f6 22. Nf3 O-O 23. Rg1 Rab8 24. f5 Rb3+ 25. Kc2 Kh8 26. fxg6 hxg6 27. h4 Rxf3 28. Rg2 Nd4+ 29. Kd2 Nb3+ 30. Ke2 Nd4+ 31. Kd2 Ra8 32. h5 gxh5 33. gxh5 Rf5 34. h6 Nb3+ 35. Kc3 Nxa1 36. Rg7 Rxf1 37. Kd2 Nb3+ 38. Kc3 Rf3+ 39. Kb4 a5+ 40. Ka3 Nc1+ 41. b3 Rxb3# 0-1

[Event "Junior Online 4NCL Division 3"]
[Site "online"]
[Date "2021.09.30"]
[EventDate "2021.09.30"]
[Round "4.141"]
[White "Jakhria, Kushal"]
[WhiteElo "1678"]
[WhiteTeam "Charlton Tigers"]
[Black "Patange, Ansh"]
[BlackElo "929"]
[BlackTeam "Uxbridge C"]
[Result "1-0"]
[PlyCount "53"]

1. d4 d5 2. c4 dxc4 3. e3 Nf6 4. Bxc4 Nc6 5. Nc3 Be6 6. d5 Bxd5 7. Nxd5 Nxd5 8. Qxd5 Qxd5 9. Bxd5 Ne5 10. Bxb7 Rb8 11. Be4 e6 12. Nf3 Nxf3+ 13. Bxf3 Bc5 14. O-O O-O 15. Rd1 h6 16. b3 a5 17. Bd2 c6 18. Rac1 Ba3 19. Rxc6 Be7 20. Rdc1 Rfd8 21. Bxa5 Rd3 22. Rc8+ Rxc8 23. Rxc8+ Kh7 24. Be4+ g6 25. Bxd3 f5 26. Bc3 Bg5 27. Rh8# 1-0

[Event "Junior Online 4NCL Division 3"]
[Site "online"]
[Date "2021.09.30"]
[EventDate "2021.09.30"]
[Round "4.142"]
[White "Boby, Shawn"]
[WhiteElo "926"]
[WhiteTeam "Uxbridge C"]
[Black "Verbytski, Oleg"]
[BlackElo "1462"]
[BlackTeam "Charlton Tigers"]
[Result "0-1"]
[PlyCount "92"]

1. d4 Nf6 2. Nc3 g6 3. Nf3 Bg7 4. Bf4 O-O 5. Qd2 d6 6. Bh6 c5 7. Bxg7 Kxg7 8. dxc5 dxc5 9. Qxd8 Rxd8 10. e4 Nc6 11. e5 Ng4 12. Be2 Ngxe5 13. Nxe5 Nxe5 14. Ne4 b6 15. O-O Bf5 16. Ng3 Bxc2 17. Bd1 Bd3 18. Be2 Bxe2 19. Nxe2 Rd2 20. Rfe1 Nd3 21. Rad1 Rxd1 22. Rxd1 Nxb2 23. Rd7 Nc4 24. Rxe7 Rd8 25. f3 a5 26. Re4 Nd6 27. Re3 Nf5 28. Rc3 Rd1+ 29. Kf2 Ra1 30. Nc1 Rb1 31. Rc2 Nd4 32. Rc4 Rb2+ 33. Kg3 Nf5+ 34. Kh3 Ne3 35. Re4 Nf5 36. a4 Rb4 37. Rxb4 axb4 38. Nb3 c4 39. a5 cxb3 40. axb6 Nd6 41. Kg4 b2 42. Kf4 b1=Q 43. Ke5 Qd3 44. g3 f6+ 45. Ke6 Nf7 46. b7 Qd6# 0-1

[Event "Junior Online 4NCL Division 3"]
[Site "online"]
[Date "2021.09.30"]
[EventDate "2021.09.30"]
[Round "4.143"]
[White "Bazan, Mateusz"]
[WhiteElo "1482"]
[WhiteTeam "Charlton Tigers"]
[Black "Pandian, Naren"]
[BlackElo "960"]
[BlackTeam "Uxbridge C"]
[Result "1-0"]
[PlyCount "79"]

1. d4 d5 2. c4 Nf6 3. Nc3 Nc6 4. Nf3 e6 5. Bg5 Be7 6. cxd5 Nxd5 7. Nxd5 exd5 8. Bxe7 Qxe7 9. e3 O-O 10. Bd3 Nb4 11. Bb1 Nc6 12. Qd3 g6 13. a3 Nb8 14. h4 Bf5 15. Qb3 c6 16. Bxf5 gxf5 17. Qd3 Re8 18. Qxf5 Kf8 19. Qxh7 f6 20. Qxe7+ Rxe7 21. h5 Kf7 22. h6 Nd7 23. Nh4 Re4 24. Ke2 Ree8 25. Nf5 Nf8 26. Nd6+ Ke6 27. Nxe8 Rxe8 28. h7 Ng6 29. Rh6 Kf7 30. Rah1 Kg7 31. Rxg6+ Kxg6 32. h8=Q Rxh8 33. Rxh8 Kf5 34. Rh7 b6 35. Rxa7 c5 36. dxc5 bxc5 37. Ra5 c4 38. Rxd5+ Ke4 39. Ra5 f5 40. f3# 1-0

[Event "Junior Online 4NCL Division 3"]
[Site "online"]
[Date "2021.09.30"]
[EventDate "2021.09.30"]
[Round "4.144"]
[White "Sundararaju, Ritvik"]
[WhiteElo "934"]
[WhiteTeam "Uxbridge C"]
[Black "Manikandan, Gaurav"]
[BlackElo "1420"]
[BlackTeam "Charlton Tigers"]
[Result "0-1"]
[PlyCount "154"]

1. e4 e5 2. Nf3 Nc6 3. d3 Nf6 4. Nc3 h5 5. d4 exd4 6. Nxd4 Nxd4 7. Qxd4 d6 8. e5 Qe7 9. Bf4 dxe5 10. Qxe5 Qxe5+ 11. Bxe5 Bd7 12. Bxf6 gxf6 13. O-O-O O-O-O 14. Nd5 Bh6+ 15. Kb1 Be6 16. Bc4 Bxd5 17. Bxd5 Rhf8 18. Rhe1 c6 19. Bf3 Rxd1+ 20. Bxd1 h4 21. h3 Kd7 22. Re4 Re8 23. Rxh4 Re1 24. Rd4+ Ke6 25. a4 Ke5 26. Rh4 Rxd1+ 27. Ka2 Bg5 28. Rh5 Ke6 29. h4 Bf4 30. g3 Be5 31. c3 Rd2 32. f4 Bxc3 33. f5+ Ke5 34. g4 Rxb2+ 35. Ka3 Rg2 36. Kb3 Ba5 37. Rh8 Rxg4 38. h5 Kxf5 39. h6 Rh4 40. Kc2 Kg6 41. Kd3 Rxh6 42. Rg8+ Kf5 43. Ra8 Rh3+ 44. Kd4 b6 45. Rxa7 c5+ 46. Kc4 Rh4+ 47. Kb5 Rb4+ 48. Kc6 Rxa4 49. Rxf7 c4 50. Rh7 c3 51. Rh5+ Kg6 52. Rh1 c2 53. Rg1+ Kf7 54. Rf1 Rc4+ 55. Kd7 c1=Q 56. Rxc1 Rxc1 57. Kd6 b5 58. Kd5 b4 59. Kd4 Bb6+ 60. Kd3 Bd4 61. Kxd4 f5 62. Kd3 f4 63. Kd2 f3 64. Kxc1 f2 65. Kb2 b3 66. Kxb3 f1=Q 67. Kb4 Ke6 68. Kc5 Qd3 69. Kb4 Qc2 70. Kb5 Qc3 71. Kb6 Qc4 72. Kb7 Qc5 73. Kb8 Qc6 74. Ka7 Qb5 75. Ka8 Kd7 76. Ka7 Kc8 77. Ka8 Qa6# 0-1

[Event "Junior Online 4NCL Division 3"]
[Site "online"]
[Date "2021.09.30"]
[EventDate "2021.09.30"]
[Round "4.145"]
[White "Patange, Ansh"]
[WhiteElo "929"]
[WhiteTeam "Uxbridge C"]
[Black "Jakhria, Kushal"]
[BlackElo "1678"]
[BlackTeam "Charlton Tigers"]
[Result "0-1"]
[PlyCount "68"]

1. e4 c5 2. Nc3 Nc6 3. Bc4 e6 4. Qf3 Ne5 5. Qe2 Nxc4 6. Qxc4 a6 7. Nf3 b5 8. Qd3 Bb7 9. O-O g6 10. Qe3 Rc8 11. d3 Bg7 12. Ng5 h6 13. Nh3 Ne7 14. Qf3 O-O 15. a3 f5 16. exf5 Bxf3 17. gxf3 Nxf5 18. Ne4 d5 19. Ng3 Nd4 20. Be3 Nxc2 21. Rac1 Nxe3 22. fxe3 Bxb2 23. Rb1 Bxa3 24. e4 dxe4 25. dxe4 c4 26. Rfd1 Qb6+ 27. Kg2 Rfd8 28. Rf1 c3 29. Ra1 Rd2+ 30. Kh1 Bb2 31. Rab1 c2 32. Rxb2 c1=Q 33. Rxc1 Rxc1+ 34. Ng1 Qxg1# 0-1

[Event "Junior Online 4NCL Division 3"]
[Site "online"]
[Date "2021.09.30"]
[EventDate "2021.09.30"]
[Round "4.146"]
[White "Verbytski, Oleg"]
[WhiteElo "1462"]
[WhiteTeam "Charlton Tigers"]
[Black "Boby, Shawn"]
[BlackElo "926"]
[BlackTeam "Uxbridge C"]
[Result "1-0"]
[PlyCount "79"]

1. e4 e5 2. Nf3 Nc6 3. Bc4 Nd4 4. Nxd4 exd4 5. O-O Bc5 6. Qf3 Qf6 7. Qb3 Nh6 8. d3 Qb6 9. Qxb6 axb6 10. c3 dxc3 11. Nxc3 Ng4 12. Nd5 O-O 13. Nxc7 Nxf2 14. Nxa8 d5 15. Rxf2 Bxf2+ 16. Kxf2 dxc4 17. dxc4 f5 18. e5 b5 19. cxb5 Bd7 20. Nc7 Rc8 21. b6 Kf7 22. Bf4 Be6 23. a3 Ke7 24. Rd1 h6 25. Rd6 Bg8 26. e6 Rd8 27. Rxd8 Kxd8 28. Bd6 Kc8 29. Ke3 g5 30. g3 Bh7 31. h4 Bg6 32. hxg5 hxg5 33. Be7 g4 34. Kf4 Kb8 35. Bd6 Kc8 36. Kg5 Bh7 37. e7 Kd7 38. e8=Q+ Kxd6 39. b4 f4 40. Qe6# 1-0

[Event "Junior Online 4NCL Division 3"]
[Site "online"]
[Date "2021.09.30"]
[EventDate "2021.09.30"]
[Round "4.147"]
[White "Pandian, Naren"]
[WhiteElo "960"]
[WhiteTeam "Uxbridge C"]
[Black "Bazan, Mateusz"]
[BlackElo "1482"]
[BlackTeam "Charlton Tigers"]
[Result "0-1"]
[PlyCount "70"]

1. e4 e6 2. Nc3 d5 3. e5 c5 4. d4 Nc6 5. Nf3 cxd4 6. Ne4 dxe4 7. Nd2 Bb4 8. a3 Bxd2+ 9. Bxd2 Nxe5 10. Qh5 Nc6 11. Bf4 Nf6 12. Qh4 Nd5 13. Qxd8+ Nxd8 14. Be5 f6 15. Bxd4 Nc6 16. Bc5 b6 17. Bd6 e5 18. Bb4 Ndxb4 19. axb4 Nxb4 20. Bb5+ Bd7 21. Bxd7+ Kxd7 22. Rd1+ Ke6 23. O-O Nxc2 24. Rc1 Rac8 25. f3 exf3 26. Rxf3 Nd4 27. Rfc3 Ne2+ 28. Kf2 Nxc1 29. Ra3 Rc2+ 30. Kg3 a5 31. h4 Rxb2 32. Rc3 Ne2+ 33. Kg4 f5+ 34. Kg5 h6+ 35. Kh5 Nf4# 0-1

[Event "Junior Online 4NCL Division 3"]
[Site "online"]
[Date "2021.09.30"]
[EventDate "2021.09.30"]
[Round "4.148"]
[White "Manikandan, Gaurav"]
[WhiteElo "1420"]
[WhiteTeam "Charlton Tigers"]
[Black "Sundararaju, Ritvik"]
[BlackElo "934"]
[BlackTeam "Uxbridge C"]
[Result "1-0"]
[PlyCount "101"]

1. e4 e5 2. Nf3 Nf6 3. Nc3 Nc6 4. d4 exd4 5. Nxd4 Nxd4 6. Qxd4 Bd6 7. Bg5 O-O 8. e5 Bxe5 9. Bxf6 Bxd4 10. Bxd8 Bxc3+ 11. bxc3 Re8+ 12. Kd2 Rxd8 13. Bc4 a6 14. Rae1 d6 15. Re7 Rf8 16. Rhe1 b5 17. Bd5 Rb8 18. Re8 Bd7 19. Rxf8+ Rxf8 20. Re7 Bf5 21. h3 h5 22. Rxc7 a5 23. f3 a4 24. g4 hxg4 25. fxg4 Bg6 26. h4 Bh7 27. h5 g5 28. hxg6 Bxg6 29. Ke3 Bxc2 30. Kf4 Kh8 31. Rxf7 Rxf7+ 32. Bxf7 Kg7 33. Bd5 Kf8 34. Be4 Bxe4 35. Kxe4 a3 36. Kd5 Ke7 37. g5 Kd7 38. g6 Ke7 39. g7 Kf7 40. Kxd6 Kxg7 41. Kc5 Kf6 42. Kxb5 Ke5 43. Kb4 Ke4 44. Kxa3 Kd3 45. Kb4 Kc2 46. a4 Kd3 47. a5 Ke4 48. a6 Ke5 49. a7 Ke6 50. a8=Q Ke5 51. Kc5 1-0

[Event "Junior Online 4NCL Division 3"]
[Site "online"]
[Date "2021.09.30"]
[EventDate "2021.09.30"]
[Round "4.151"]
[White "Hatem, Mika"]
[WhiteElo "1384"]
[WhiteTeam "JHJ Shark Tank 5"]
[Black "Timbrell, Matthew"]
[BlackElo "1473"]
[BlackTeam "Somerset Lions"]
[Result "0-1"]
[PlyCount "84"]

1. e3 d5 2. d4 Nf6 3. Nf3 Bg4 4. c4 c6 5. Nc3 e6 6. Bd3 Bd6 7. Bd2 Qc7 8. h3 Bxf3 9. Qxf3 Nbd7 10. O-O O-O 11. Rac1 Qd8 12. e4 dxe4 13. Nxe4 Nxe4 14. Bxe4 Nf6 15. Bg5 Be7 16. Rfd1 h6 17. Bh4 Nxe4 18. Bxe7 Qxe7 19. Qxe4 Rfd8 20. Re1 Qd6 21. Rcd1 Rac8 22. Qe5 Rd7 23. Kf1 Rcd8 24. Qe3 Qb4 25. b3 c5 26. Qd2 Qxd2 27. Rxd2 Rxd4 28. Rxd4 Rxd4 29. Ke2 f6 30. Rd1 e5 31. Rxd4 exd4 32. Kd3 Kf7 33. b4 b6 34. b5 Ke6 35. f3 Kd7 36. g3 Kc7 37. a4 Kd6 38. Ke2 Ke5 39. Kd3 h5 40. Ke2 h4 41. g4 Kf4 42. Kf2 d3 0-1